Normal view
MARC view
Entry Personal Name
001 - CONTROL NUMBER
- control field: 52363
003 - CONTROL NUMBER IDENTIFIER
- control field: ARRUPE
005 - DATE AND TIME OF LATEST TRANSACTION
- control field: 20240205110208.0
008 - FIXED-LENGTH DATA ELEMENTS
- fixed length control field: 240205|| aca||aabn | a|a d
040 ## - CATALOGING SOURCE
- Original cataloging agency: ARRUPE
- Transcribing agency: ARRUPE
100 ## - HEADING--PERSONAL NAME
- Personal name: Newman, John Henry,
- Titles and other words associated with a name: Saint,
- Dates associated with a name: 1801-1890
670 ## - SOURCE DATA FOUND
- Source citation: Work cat.: (ARRUPE)131762: Strange, Roderick. 8730, John Henry Newman :, c2009.